|
|
|
|
| LEADER |
00000naa2a2200000 4500 |
| 001 |
83718 |
| 005 |
20240213100755.0 |
| 035 |
|
|
|a (RuTPU)RU\TPU\book\90015
|
| 090 |
|
|
|a 83718
|
| 100 |
|
|
|a 20051020d2005 k y0rusy50 ca
|
| 101 |
0 |
|
|a rus
|
| 102 |
|
|
|a RU
|
| 200 |
1 |
|
|a Генерация параметрического рентгеновского излучения электронным пучком микротрона в кристалле пиролитического графита
|f В. Н. Забаев [и др.]
|
| 320 |
|
|
|a Библиогр.: 2 назв.
|
| 463 |
|
0 |
|0 (RuTPU)RU\TPU\book\86598
|y 5-7262-0526-S
|t Физико-технические проблемы атомной энергетики и промышленности
|o III Международная научно-практическая конференция, 7-8 июня 2005 г., Томск
|o сборник тезисов докладов
|f Томский политехнический университет
|v С. 168.
|d 2005
|p 190 с.
|
| 610 |
1 |
|
|a рентгеновское излучение
|
| 610 |
1 |
|
|a электромагнитные пучки
|
| 610 |
1 |
|
|a микротроны
|
| 610 |
1 |
|
|a кристаллы
|
| 610 |
1 |
|
|a пиролитический графит
|
| 610 |
1 |
|
|a электроны
|
| 610 |
1 |
|
|a угол Брэгга
|
| 610 |
1 |
|
|a труды учёных ТПУ
|
| 701 |
|
1 |
|a Забаев
|b В. Н.
|c физик
|c доцент Томского политехнического университета, ведущий научный сотрудник
|f 1946-
|g Виктор Николаевич
|3 (RuTPU)RU\TPU\pers\28133
|
| 701 |
|
1 |
|a Разин
|b С. В.
|
| 701 |
|
1 |
|a Углов
|b С. Р.
|c физик
|c ведущий научный сотрудник Томского политехнического университета, кандидат физико-математических наук
|f 1958-
|g Сергей Романович
|3 (RuTPU)RU\TPU\pers\28130
|9 13088
|
| 701 |
|
1 |
|a Адищев
|b Ю. Н.
|c физик
|c профессор Томского политехнического университета, доктор физико-математических наук
|f 1946-
|g Юрий Николаевич
|3 (RuTPU)RU\TPU\pers\27727
|
| 701 |
|
1 |
|a Веригин
|b Д. А.
|c физик
|c старший преподаватель Томского политехнического университета
|f 1984-
|g Дан Александрович
|3 (RuTPU)RU\TPU\pers\31150
|
| 701 |
|
1 |
|a Кузнецов
|b С. И.
|c физик
|c доцент Томского политехнического университета, кандидат технических наук
|f 1952-
|g Сергей Иванович
|3 (RuTPU)RU\TPU\pers\27957
|
| 701 |
|
1 |
|a Потылицын
|b А. П.
|c российский физик
|c профессор Томского политехнического университета
|f 1945-
|g Александр Петрович
|3 (RuTPU)RU\TPU\pers\15853
|9 5531
|
| 801 |
|
1 |
|a RU
|b 63413507
|c 20051020
|g PSBO
|
| 801 |
|
2 |
|a RU
|b 63413507
|c 20150602
|g PSBO
|
| 942 |
|
|
|c BK
|